01139nac a22002777a 4500001001000000003000900010005001700019008003400036040005400070072000800124110010800132110009200240245013200332260004000464300001000504490012900514500012500643650001200768650000900780650001000789650001000799650000900809650001000818650001000828650002300838BR8304774BR-BrBNA20240105115832.0230509b bl.|||m| |||| 00| 0 por d aBR-BrBNAbporcBiblioteca Nacional de Agricultura aF001 aEmpresa de Pesquisa, Assistencia Tecnica e Extensao Rural de Mato Grosso do Sul, Campo Grande (Brasil);1 aComissao Estadual de Planejamento Agricola de Mato Grosso do Sul, Campo Grande (Brasil)1 aAcompanhamento sistematico da safra agricola, marco 1983 [algodao, alho, arroz, milho, soja, trigo, Mato Grosso do Sul, Brasil]3 aCampo Grande, MS (Brasil): c1983.  a32 p. aAcompanhamento Sistematico da Safra Agricola - Comissao Estadual de Planejamento Agricola de Mato Grosso do Sul (Brazil)vx a(*) Documento disponível na(o) Comissao Estadual de Planejamento Agricola de Mato Grosso do Sul, Campo Grande (Brazil) aALGODAO aALHO aARROZ aMILHO aSOJA aTRIGO aSAFRA aMATO GROSSO DO SUL